| 000 | 00620nam a2200217Ia 4500 | ||
|---|---|---|---|
| 003 | GCL | ||
| 008 | 140319s9999 xx 000 0 ara d | ||
| 040 |
_aGCL / _cGCL |
||
| 082 | 0 | 4 |
_a883 _bه ا |
| 100 | 1 | _aهوميروس | |
| 245 | 1 | 0 |
_aالالياذة / _cهوميروس |
| 700 | 1 | _aدرينى خشبة | |
| 260 |
_aالقاهرة : _bدار الهلال للطباعة والنشر |
||
| 300 |
_a159 ص ؛ _c19 سم |
||
| 490 | _a | ||
| 650 | 0 | 4 | _aالادب اليونانى |
| 650 | 0 | 4 | _aالادب |
| 650 | 0 | 4 | _aاليونان فى الادب |
| 650 | 0 | 4 | _aاليونان - تاريخ |
| 942 |
_2ddc _cBK |
||
| 999 |
_c40329 _d40329 |
||